| 000 | 00548nam a22002177a 4500 | ||
|---|---|---|---|
| 003 | OSt | ||
| 005 | 20260331152910.0 | ||
| 008 | 260331b |||||||| |||| 00| 0 eng d | ||
| 020 | _a9789389446562 | ||
| 040 | _cSBCL | ||
| 082 |
_a894.8123 _bVIS-J |
||
| 100 | _aVishnu,P.K | ||
| 245 | _aTo, Janeman | ||
| 250 | _a10th ed. | ||
| 260 |
_aKollam _bPravda Books _c2025 |
||
| 300 | _a148p. | ||
| 630 | _xLiterature & rhetoric | ||
| 650 | _aLiteratures of other languages | ||
| 650 | _aAltaic, Uralic, Hyperborean & Dravidian | ||
| 942 | _cBOOK | ||
| 999 |
_c137852 _d137852 |
||